| 000 | 00400nam a2200169Ia 4500 | ||
|---|---|---|---|
| 008 | 231221s9999 xx 000 0 und d | ||
| 020 | _a9790000000000 | ||
| 041 | _aEnglish | ||
| 082 | _a006.3 PRA;1 | ||
| 100 | _aPratihar, Dilip Kumar. | ||
| 245 | 0 | _aSoft computing | |
| 260 |
_c2008 _bNarosa _aNew Delhi |
||
| 300 | _axx, 229 | ||
| 300 | _c61770 | ||
| 650 | _aSoft,computing | ||
| 942 | _cCD | ||
| 999 |
_c211669 _d211669 |
||